| 000 | 00533 a2200169 4500 | ||
|---|---|---|---|
| 999 |
_c8890 _d8890 |
||
| 020 | _a9780702198595 | ||
| 050 | _aKF 2761 BRA 2013 | ||
| 100 |
_aBradfield, Graham _eauthor |
||
| 245 |
_aPrinciples of the law of sale and lease / _cGraham Bradfield and Karin Lehmann |
||
| 250 | _a3rd ed. | ||
| 264 |
_aSouth Afric : _bJuta and Company, _c2013 |
||
| 300 | _a261p.: | ||
| 500 | _aIncludes bibliographical references and index | ||
| 650 | _aContract sale | ||
| 700 |
_aLehmann, Karin _eauthor |
||
| 942 |
_2lcc _cBK _e3rd ed. _h2761 _iBRA _kKF |
||